<?xml version="1.0" encoding="UTF-8"?>
<collection xmlns="http://www.loc.gov/MARC21/slim">
 <record>
  <leader>     na                 </leader>
  <controlfield tag="001">INLIS000000000696022</controlfield>
  <controlfield tag="005">20231109075159</controlfield>
  <datafield tag="035" ind1=" " ind2=" ">
   <subfield code="a">0010-1123000173</subfield>
  </datafield>
  <controlfield tag="007">ta</controlfield>
  <controlfield tag="008">231109                e          0 ind  </controlfield>
  <datafield tag="020" ind1=" " ind2=" ">
   <subfield code="a">978-623-228-400-5</subfield>
  </datafield>
  <datafield tag="082" ind1=" " ind2=" ">
   <subfield code="a">658</subfield>
  </datafield>
  <datafield tag="084" ind1=" " ind2=" ">
   <subfield code="a">658 DIA d</subfield>
  </datafield>
  <datafield tag="100" ind1="0" ind2=" ">
   <subfield code="a">Diah Pradiatiningtyas</subfield>
  </datafield>
  <datafield tag="245" ind1="1" ind2=" ">
   <subfield code="a">Dasar-dasar manajemen dan bisnis /</subfield>
   <subfield code="c">Diah Pradiatiningtyas, Chriswardana Bayu Dewa. ;</subfield>
  </datafield>
  <datafield tag="250" ind1=" " ind2=" ">
   <subfield code="a">Cet.1</subfield>
  </datafield>
  <datafield tag="260" ind1=" " ind2=" ">
   <subfield code="a">Jambu Sari :</subfield>
   <subfield code="b">Graha Ilmu,</subfield>
   <subfield code="c">2020</subfield>
  </datafield>
  <datafield tag="300" ind1=" " ind2=" ">
   <subfield code="a">xiv, 102 hlm :</subfield>
   <subfield code="b">Ilus ;</subfield>
   <subfield code="c">24 cm</subfield>
  </datafield>
  <datafield tag="700" ind1="0" ind2=" ">
   <subfield code="a">Chriswardana Bayu Dewa</subfield>
  </datafield>
  <datafield tag="520" ind1=" " ind2=" ">
   <subfield code="a">Saat ini dimana banyak pihak memberdayakan UMKM dan juga pentingnya berwirausaha maka pasti tak lepas dari sebuah ilmu mengenai bisnis. Dimana dasar manajemen dan bisnis penting untuk dipahami dan menjadi acuan bagi seseorang yang ingin menjalankan bisnisnya. Selain itu kurikulum di Perguruan Tinggi pada beberapa Program Studi memasukkan manajemen bisnis sebagai salah satu Mata Kuliah. Isi buku ini mencakup konsep dasar manajemen, organisasi, dan kepemimpinan, perkembangan konsep manajemen, fungsi-fungsi manajemen yang meliputi perencanaan, pengorganisasian, koordinasi dan rentang manajemen, pengarahan, pemotivasian, dan pengawasan. Dibahas pula mengenai manajemen mutu diakhir bab. Setiap bab disertakan studi kasus agar membantu pembaca supaya lebih mudah memahami dari sisi praktisnya. Penulis berharap buku sederhana ini dapat menjadi acuan bagi yang ingin memulai bisnisnya maupun sebagai referensi mahasiswa dalam memahami dasar manajemen dan bisnis.</subfield>
  </datafield>
  <datafield tag="600" ind1=" " ind2="4">
   <subfield code="a">Manajemen Bisnis</subfield>
  </datafield>
 </record>
</collection>
